Λούβρο, Παρίσι
Αποθηκεύτηκε σε:
| Άλλοι συγγραφείς: | |
|---|---|
| Μορφή: | Βιβλίο |
| Γλώσσα: | Greek Italian |
| Δημοσίευση: |
Αθήναι :
Mondadori-Φυτράκης,
c1969.
|
| Σειρά: | Τα μεγάλα μουσεία του κόσμου
|
| Θέματα: | |
| Ετικέτες: |
Προσθήκη ετικέτας
Δεν υπάρχουν, Καταχωρήστε ετικέτα πρώτοι!
|
MARC
| LEADER | 00000cam a2200000 i 4500 | ||
|---|---|---|---|
| 001 | 1/37650 | ||
| 008 | 960927s1969 gr | ||| |||| ||gre|| | ||
| 035 | |l 10024716 | ||
| 040 | |a GR-MyUa |b gre |e AACR2 | ||
| 041 | 1 | |a gre |h ita | |
| 082 | 7 | |a 708 |2 (22) | |
| 082 | 7 | |a 708.436 |2 (23) | |
| 245 | 0 | 0 | |a Λούβρο, Παρίσι / |c [κείμενα των Gigetta Dalli Regoli ... [κ. ά.] ; μετάφραση Λένας Βαρίκα, Αρ. Αγγελίδη ; επιμέλεια Γιώργου Γεραλή]. |
| 260 | |a Αθήναι : |b Mondadori-Φυτράκης, |c c1969. | ||
| 300 | |a 208 σ. : |b εικ. ; |c 29 εκ. | ||
| 490 | 1 | |a (Τα μεγάλα μουσεία του κόσμου) | |
| 504 | |a Βιβλιογραφία: σ. 176. Ευρετήριο. | ||
| 610 | 2 | 0 | |a Musée du Louvre. |
| 700 | 1 | |a Dalli Regoli, Gigetta. | |
| 830 | 0 | |a Τα μεγάλα μουσεία του κόσμου | |
| 852 | |a INST |b CHIOS |e 19960927 |h 708 ΛΟΥ |p 005200011552 |q 005200011552 |t BK |y 0 | ||
| 852 | |a INST |b LESVOS |e 20220322 |h 708.4 ΛΟΥ |p 005100063615 |q 005100063615 |t BK |y 0 | ||
| 852 | |a INST |b RHODES |e 20191118 |h 708.436 ΛΟΥ |p 005400041289 |q 005400041289 |t BK |y 0 | ||
| 852 | |a INST |b SYROS |e 20171018 |h 708.436 ΛΟΥ |p 005500013194 |q 005500013194 |t BK |y 0 | ||
| 970 | |z 10-10-2017 | ||